000 00545nam a2200193 a 4500
005 20240911064751.0
008 991125s1973 mx 000 0 spa u
035 _aUPN01000054896
049 _aCG
050 4 _aBJ45
_bT7.4
100 1 _aTrotski, Lev Davidic Bronstein,
_d1879-1940
_929454
245 1 0 _aSu moral y la nuestra /
_cLeón Trotsky.
260 _aMéxico :
_bJ. Pablos,
_c1973.
300 _a111 p.
440 0 _aObras de León Trotsky ;
_v8
650 4 _aComunismo
_96792
650 4 _aCONDICIONES MORALES
_910907
905 _aLibro
999 _c54896
_d54896